Mechanics of materials (Record no. 6027)

000 -LEADER
fixed length control field 00600nam a2200229 i 4500
001 - CONTROL NUMBER
control field 6027
003 - CONTROL NUMBER IDENTIFIER
control field BD-DhUET
008 - FIXED-LENGTH DATA ELEMENTS--GENERAL INFORMATION
fixed length control field 770505s1978 nyua 001 0 eng
040 ## - CATALOGING SOURCE
Original cataloging agency DLC
Transcribing agency DLC
Modifying agency BD-DhUET
082 00 - DEWEY DECIMAL CLASSIFICATION NUMBER
Classification number 620.11
Item number HIG/1978
100 ## - MAIN ENTRY--PERSONAL NAME
Personal name Higdon, Archie
245 00 - TITLE STATEMENT
Title Mechanics of materials
250 ## - EDITION STATEMENT
Edition statement 3rd ed.
260 ## - PUBLICATION, DISTRIBUTION, ETC. (IMPRINT)
Place of publication, distribution, etc. New York
Name of publisher, distributor, etc. John Wiley and Sons
Date of publication, distribution, etc. 1978
300 ## - PHYSICAL DESCRIPTION
Extent xiv, 752 p.
Other physical details ill.
Dimensions 24 cm.
504 ## - BIBLIOGRAPHY, ETC. NOTE
Bibliography, etc Includes bibliographies
650 #0 - SUBJECT ADDED ENTRY--TOPICAL TERM
Topical term or geographic name as entry element Strength of materials
700 ## - ADDED ENTRY--PERSONAL NAME
Personal name Ohlsen, Wdward H.
700 ## - ADDED ENTRY--PERSONAL NAME
Personal name Stiles , William B.
700 ## - ADDED ENTRY--PERSONAL NAME
Personal name Weese, John A.
942 ## - ADDED ENTRY ELEMENTS (KOHA)
Koha item type General Book
Holdings
Koha full call number Copy number Koha item type Date acquired Koha collection Price effective from Withdrawn status Piece designation (barcode) Damaged status Koha issues (times borrowed) Not for loan Lost status Source of classification or shelving scheme Koha date last seen Koha date last borrowed Location (home branch) Shelving location Sublocation or collection (holding branch) Koha renewals Koha normalized classification for sorting
620.11/HIG/19787General Book2014-11-29 2014-11-29 61731     2014-11-29 Central Library, BUETCirculation sectionCentral Library, BUET 620_110000000000000_HIG_1978
620.11/HIG/19782General Book2014-12-02 2014-12-02 61725     2014-12-02 Central Library, BUETCirculation sectionCentral Library, BUET 620_110000000000000_HIG_1978
620.11/HIG/19783General Book2014-12-02 2014-12-02 61733     2014-12-02 Central Library, BUETCirculation sectionCentral Library, BUET 620_110000000000000_HIG_1978
620.11/HIG/19784General Book2014-12-02 2014-12-02 61727 1   2024-02-132019-02-27Central Library, BUETCirculation sectionCentral Library, BUET1620_000000000000000_11HIG1978
620.11/HIG/19785General Book2014-12-02 2014-12-02 61726     2014-12-02 Central Library, BUETCirculation sectionCentral Library, BUET 620_110000000000000_HIG_1978
620.11/HIG/19786General Book2014-12-02 2014-12-02 61728     2014-12-02 Central Library, BUETCirculation sectionCentral Library, BUET 620_000000000000000_11HIG1978
620.11/HIG/19781General Book2014-12-02 2014-12-02 61730     2014-12-02 Central Library, BUETCirculation sectionCentral Library, BUET 620_000000000000000_11HIG1978
620.11/HIG/19788General Book2014-12-02 2014-12-02 61732     2014-12-02 Central Library, BUETCirculation sectionCentral Library, BUET 620_000000000000000_11HIG1978
620.11/HIG/19789General Book2015-01-10 2015-01-10 61729     2015-01-10 Central Library, BUETCirculation sectionCentral Library, BUET 620_110000000000000_HIG_1978
620.11/HIG/197810General Book2015-01-28Non Fiction2015-01-28 61734     2015-01-28 Central Library, BUETCirculation sectionCentral Library, BUET 620_110000000000000_HIG_1978